00329nam a2200109Ia 4500008004100000082001300041100001800054245003300072942000600105952009500111999001300206240331s9999 xx 000 0 und d a300bWAR aWarren, C.A.B 0aGender issues in ethnography cL 001040708LaWERCLbWERCLcSSCd2024-03-31l0o 300 WARp4597r2024-03-31w2024-03-31yL c985d985